Cudzincami vo vlastnej krajine v Gaze sa opäť vraždilo, svet sa na ...

Podrobná bibliografia
Hlavný autor: David, Pavol (Autor)
Médium: Článok
Jazyk:slovenčina
Fyzický popis:Fotogr.
ISSN:1336-0256
Predmet:

MARC

LEADER 00000nab a2200000 ar4500
001 vtls009478004
003 SK-MaSNL
005 20260304045605.0
008 090227c2009 xo mr|p|||||||000 b|slo
015 |a SNBRB2009/02  |2 snkbucl 
040 |a SNKBUCL  |b slo  |c SNKBUCL  |e AACR2 
041 0 |a slo 
044 |a xo  |c SK 
080 |a 323  |x (569.4)  |2 2001 
080 |a 355.469.2  |x (569.4-076)  |2 2001 
080 |a 329.7:28(=411.21)  |x (569.4)  |b Hamas  |2 2001 
100 1 |a David, Pavol  |4 aut  |9 440323 
245 1 0 |a Cudzincami vo vlastnej krajine  |b v Gaze sa opäť vraždilo, svet sa na ...  |c Pavol David 
300 |b Fotogr. 
610 2 7 |a Harakat al-Muqawamah al-Islamiyah  |2 SNKKA  |9 249390 
650 0 7 |a Palestínčania  |2 snkbucl  |9 847012 
650 0 7 |a vojenské akcie  |z Izrael  |2 snkbucl  |9 1294261 
650 0 7 |a letecké bombardovanie  |2 snkbucl  |9 1098968 
650 0 7 |a vnútorná politika  |2 snkbucl  |9 970 
651 7 |a Gaza (územie)  |2 snkbucl  |9 79028 
651 7 |a Izrael  |2 snkbucl  |9 16888 
773 0 |t Extra plus  |g Roč. 9, február (2009), s. 26-27  |x 1336-0256 
852 |a SNK  |b KIS3GCP 
958 |a IL 
999 |c 2693355  |d 2695285